|
|
|
|
| LEADER |
01864nam a22003498i 4500 |
| 001 |
34247 |
| 003 |
BD-DhAAL |
| 005 |
20211110143832.0 |
| 008 |
190206t2017 nju b 001 0 eng c |
| 999 |
|
|
|c 40319
|d 40319
|
| 020 |
|
|
|a 9788126571840
|
| 020 |
|
|
|a 9781119239901 (pbk.)
|
| 040 |
|
|
|a WaSeSS/DLC
|b eng
|c WaSeSS
|e rda
|d BD-DhAAL
|
| 042 |
|
|
|a pcc
|
| 050 |
0 |
0 |
|a QA63
|b .Z45 2017
|
| 082 |
0 |
0 |
|a 153.43
|2 23
|
| 100 |
1 |
|
|a Zeitz, Paul,
|d 1958-
|9 29889
|
| 245 |
1 |
4 |
|a The art and craft of problem solving /
|c Paul Zeitz.
|
| 250 |
|
|
|a Third edition.
|
| 260 |
|
|
|a Hoboken, NJ :
|b John Wiley & Sons,
|c 2017 [reprinted 2018]
|
| 300 |
|
|
|a xiv, 366 pages :
|b illustrations ;
|c 25 cm
|
| 504 |
|
|
|a Includes bibliographical references and index.
|
| 526 |
|
|
|a CSE
|
| 541 |
|
|
|a Hye Trade International, Book Finder International
|e 34247, 34248, 37172, 37173
|
| 650 |
|
0 |
|a Problem solving.
|9 29890
|
| 650 |
|
0 |
|a Computer science.
|9 42482
|
| 852 |
|
|
|a Ayesha Abed Library
|c General Stacks
|
| 942 |
|
|
|2 ddc
|c BK
|
| 952 |
|
|
|0 0
|1 0
|2 ddc
|4 0
|6 153_430000000000000_ZEI
|7 0
|9 64978
|a BRACUL
|b BRACUL
|c GEN
|d 2019-01-30
|e Hye Trade International
|g 924.00
|l 8
|m 69
|o 153.43 ZEI
|p 3010034248
|r 2026-02-25
|s 2026-02-19
|t 2
|v 924.00
|w 2019-01-30
|y BK
|
| 952 |
|
|
|0 0
|1 0
|2 ddc
|4 0
|6 153_430000000000000_ZEI
|7 0
|9 64979
|a BRACUL
|b BRACUL
|c GEN
|d 2019-01-30
|e Hye Trade International
|g 924.00
|l 2
|m 38
|o 153.43 ZEI
|p 3010034247
|q 2022-10-12
|r 2019-11-28
|s 2019-11-28
|t 1
|v 924.00
|w 2019-01-30
|y BK
|
| 952 |
|
|
|0 0
|1 0
|2 ddc
|4 0
|6 153_430000000000000_ZEI
|7 0
|9 68060
|a BRACUL
|b BRACUL
|c GEN
|d 2020-03-01
|e Book Finder International
|g 1970.00
|l 5
|m 37
|o 153.43 ZEI
|p 3010037172
|r 2025-07-17
|s 2025-03-04
|t 3
|v 1970.00
|w 2020-03-01
|y BK
|
| 952 |
|
|
|0 0
|1 0
|2 ddc
|4 0
|6 153_430000000000000_ZEI
|7 0
|9 68061
|a BRACUL
|b BRACUL
|c GEN
|d 2020-03-01
|e Book Finder International
|g 1970.00
|l 6
|m 52
|o 153.43 ZEI
|p 3010037173
|q 2026-06-02
|r 2026-05-10
|s 2026-05-10
|t 4
|v 1970.00
|w 2020-03-01
|y BK
|